Statistics for 東北地方の国鉄行先(1968年)

Click here to take the quiz!

General Stats

  • This quiz has been taken 46 times
  • The average score is 66 of 127

Answer Stats

駅名% Correct
郡山
97%
仙台
95%
95%
新庄
92%
会津若松
92%
青森
92%
秋田
92%
山形
92%
石巻
90%
90%
福島
90%
大曲
85%
宮古
85%
喜多方
85%
盛岡
85%
小牛田
85%
酒田
85%
白河
85%
米沢
82%
女川
82%
一ノ関
82%
白石
82%
三厩
82%
北上
79%
釜石
79%
花巻
79%
弘前
79%
鶴岡
79%
気仙沼
77%
田沢湖
77%
大湊
77%
男鹿
77%
左沢
74%
羽後本荘
74%
久慈
74%
原ノ町
74%
蟹田
74%
横手
72%
能代
72%
利府
72%
大館
72%
東能代
72%
只見
69%
余目
69%
野辺地
69%
相馬
69%
鳴子
69%
雫石
67%
64%
五所川原
64%
作並
62%
寒河江
62%
深浦
62%
小野新町
62%
鷹ノ巣
62%
沼宮内
59%
遠野
59%
会津田島
59%
三沢
56%
水沢
56%
会津坂下
56%
好摩
54%
湯沢
54%
川部
51%
槻木
51%
石越
49%
高城町
49%
赤湯
49%
阿仁合
49%
長井
49%
会津川口
46%
尻内
46%
茂市
46%
小国
46%
東塩釜
44%
丸森
44%
今泉
44%
富岡
41%
庭坂
41%
八郎潟
41%
三戸
41%
一戸
41%
黒石
41%
院内
41%
真室川
38%
荒屋新町
38%
荒砥
38%
磐城石川
38%
熱塩
38%
温海
38%
鼠ケ関
38%
鯵ケ沢
38%
小川郷
31%
碇ケ関
28%
会津宮下
28%
陸前古川
28%
羽前椿
28%
陸前原ノ町
26%
楯岡
26%
陸中花輪
26%
松川
23%
藤田
23%
津軽新城
23%
陸中八木
21%
草野
21%
羽後矢島
18%
木造
18%
比立内
18%
涌谷
15%
会津滝ノ原
15%
長町
15%
藤根
13%
羽後牛島
13%
大槌
13%
本吉
13%
野沢
13%
赤井
10%
陣場
10%
湯瀬
10%
磯鶏
8%
岩代川俣
8%
岩手湯田
8%
沢目
8%
奥内
8%
浅内
8%
米内沢
3%
中山平
3%

Score Distribution

Percentile by Number Answered

Percent of People with Each Score

Your Score History

You have not taken this quiz